|
|
|
|
| LEADER |
00000nab a2200000 a 4500 |
| 001 |
vtls000212267 |
| 003 |
SK-MaSNL |
| 005 |
20260304210642.0 |
| 008 |
111202c1984 xo 0 slo |
| 015 |
|
|
|a SNBRA19rr/mm-uuuuu
|
| 035 |
|
|
|a CL0222381
|
| 040 |
|
|
|a SNKBUCL
|b slo
|c SNKBUCL
|e AACR2
|
| 041 |
0 |
|
|a slo
|
| 044 |
|
|
|a xo
|c SK
|
| 080 |
|
|
|a 681.3:371.3:800.92
|2 1981
|
| 080 |
|
|
|a 371.3
|2 1981
|
| 080 |
|
|
|a 800.92
|2 1981
|
| 100 |
1 |
|
|a Buriánová, Eleonóra
|4 aut
|9 627344
|
| 245 |
1 |
0 |
|a Interaktívna implementácia jazyka Robot Karel
|c Eleonóra Buriánová
|
| 650 |
0 |
7 |
|a programovanie
|2 snkbucl
|9 22041
|
| 650 |
0 |
7 |
|a programovacie jazyky
|2 snkbucl
|9 1838
|
| 655 |
|
7 |
|a články zo zborníkov
|2 snkbucl
|9 166140
|
| 773 |
0 |
|
|t Využitie výpočtovej techniky v školstve
|d Bratislava : Dom techniky ČSVTS, 1984
|
| 850 |
|
|
|a Slovenská národná knižnica v Martine
|a MTA001
|
| 852 |
|
|
|a SNK
|b KIS3GCP
|
| 958 |
|
|
|a RK
|
| 992 |
|
|
|a RZB
|
| 999 |
|
|
|c 3127036
|d 3128966
|